000 01850nam a2200241Ia 4500
008 260220t9999||||xx |||||||||||||| ||spa||
040 _aPY-SlUNAC
_bspa
_erda
041 _aspa
082 _a155.4
_bC737e
100 _aCompayré, G.
_eAutor
245 0 _aLa evolución intelectual y moral del niño /
_cpor G. Compayré [Autor]
264 _aMadrid :
_bJuan Pueyo,
_c[Fecha de publicación no identificada].
300 _a1 volumen
520 _aEn "La evolución intelectual y moral del niño", Gabriel Compayré aborda el desarrollo cognitivo y ético de los niños, explorando cómo estos aspectos se interrelacionan a lo largo de las distintas etapas de la infancia. El autor propone que el crecimiento intelectual no puede separarse del desarrollo moral, sugiriendo que ambos son fundamentales para una educación integral. Compayré analiza diversas teorías del aprendizaje y del desarrollo, integrando perspectivas psicológicas y pedagógicas que resaltan la importancia del entorno social y cultural en la formación del niño. A través de ejemplos prácticos y observaciones, el autor ilustra cómo las experiencias en la infancia modelan la personalidad y los valores éticos futuros. Este enfoque holístico resalta la responsabilidad de educadores y padres en guiar el proceso de aprendizaje, enfatizando la necesidad de crear un ambiente que fomente tanto el pensamiento crítico como la empatía. La obra se convierte así en un referente importante para la educación y la psicología infantil, proponiendo una visión coherente del desarrollo humano.
653 _aDesarrollo infantil
653 _aEducación
653 _aPsicología del desarrollo
942 _b2026/02/17
_cBK
999 _c6776
_d6776